Harry Potter Deaths by Killer - Statistics

General Stats
  • This quiz has been taken 27 times
  • The average score is 20 of 52
Answer Stats
Hint Answer % Correct
Severus Snape Albus Dumbledore
77%
Albus Dumbledore/Aberforth Dumbledore/Gellert Grindelwald Ariana Dumbledore
77%
Molly Weasley Bellatrix Lestrange
77%
Peter Pettigrew Cedric Diggory
77%
Voldemort James Potter
77%
Voldemort Lily Potter
77%
Ariana Dumbledore Kendra Dumbledore
68%
Inferi Regulus Black
68%
Bellatrix Lestrange Sirius Black
68%
Voldemort & Harry Potter Voldemort
68%
Neville Longbottom Nagini
64%
Basilisk Myrtle Warren
59%
Antonin Dolohov Remus Lupin
59%
Barty Crouch Jr Barty Crouch Sr
55%
Bellatrix Lestrange Nymphadora Tonks
55%
Nagini Severus Snape
55%
Snatchers Ted Tonks
50%
Voldemort Alastor Moody
45%
Voldemort/Peter Pettigrew Peter Pettigrew
45%
Fenrir Greyback Lavender Brown
41%
Bellatrix Lestrange Dobby
36%
Voldemort Frank Bryce
36%
Bloody Baron Helena Ravenclaw
36%
Voldemort & Harry Potter Quirinus Quirrell
36%
Voldemort Tom Riddle Sr
36%
Vincent Crabbe Vincent Crabbe
36%
Bloody Baron Bloody Baron
32%
Death Eaters Hedwig
32%
Pandora Lovegood Pandora Lovegood
32%
Nagini Bathilda Bagshot
27%
Voldemort Bertha Jorkins
27%
Voldemort Mary Riddle
27%
Voldemort Thomas Riddle
27%
Death Eaters Colin Creevey
23%
Alastor Moody Evan Rosier
23%
Voldemort Gellert Grindelwald
23%
Voldemort Hepzibah Smith
23%
Voldemort Mykew Gregorovitch
23%
Harry Potter Slytherin's Serpent
23%
Voldemort Charity Burbage
18%
Snatchers Dirk Cresswell
18%
Snatchers Gornuk
18%
Death Eaters Igor Karkaroff
18%
Voldemort Amelia Bones
9%
Death Eaters Emmeline Vance
9%
Fenrir Greyback Montgomery
9%
Voldemort Rufus Scrimgeour
9%
Neville Longbottom Scabior
9%
Walden Macnair Broderick Bode
5%
Death Eaters Florean Fortescue
5%
Death Eaters Octavius Pepper
5%
Harry Potter Tom Riddle's Diary
5%
No matching quizzes found
Score Distribution
Percent of People with Each Score
Percentile by Number Answered
Your Score History
You have not taken this quiz